000 00277nam a2200109Ia 4500
008 231212s2002 xx 000 0 und d
041 _aeng
082 _a622.381542
100 _aAustin George T
245 _aShreve's Chemical Process Industries
260 _aPune
_bC.B.S.
_c2002
999 _c965486
_d965486